000 00605nam a2200193Ii 4500
003 JO-AjNU
008 230605s9999||||xx |||||||||||||| ||und||
040 _aJO-AjNU
_bara
_erda
_cJO-AjNU
041 _aara
050 1 4 _aB741.M87.1983
100 3 _aلجنة من الاساتذة ,
_eauthor
_97565
245 0 0 _aالمرشد في الفلسفة العربية
264 3 1 _aد.م: دار مارون عبود ، 1983
300 _a144ص
336 _atext
_btxt
_2rdacontent
337 _aunmediated
_bn
_2rdamedia
338 _avolume
_bnc
_2rdacarrier
650 4 _aفلسفة عربية -قرن 20
_97566
999 _aA344
_c3912
_d3912